Текст томруулах:    
China (Бичлэгийн дугаар. 146180)
000 -УДИРДЛАГА
Удирдлага 00568nam a22002297a 4500
003 - ХЯНАЛТЫН ТОО ТОДОРХОЙЛОГЧ
Код MN-UlNUM
005 - БИЧИЛТ ХИЙСЭН ОГНОО
Тухайн бичилтийг бичсэн засварласан сүүлийн огноо 20260114104953.0
008 - ЕРӨНХИЙ МЭДЭЭЛЭЛ
Ерөнхий мэдээлэл 260114s1994 dcuab||| |||| 00| 0 eng |
020 ## - ISBN
ISBN 0821327518
040 ## - БИЧЛЭГ ҮҮСГЭГЧ БАЙГУУЛЛАГА
Бичлэг үүсгэгч номын сангийн код МУИС-ийн номын сан
084 ## - ББК АНГИЛАЛ
Нэмэлт тусгалт Бусад
ББК ангилал 65.428
Зохиогчийн гурван тэмдэгт C 52
Мэдлэгийн ялгаа 65 - Эдийн засаг
245 00 - ҮНДСЭН ГАРЧИГ
Номын нэр China
Бага гарчгийн мэдээ Foreign trade reform
260 ## - ГАРАЛТЫН МЭДЭЭ
Хэвлэгдсэн газар Washington, D.C. :
Хэвлэлийн газар World Bank,
Хэвлэгдсэн он 1994.
300 ## - МАТЕРИАЛЫН ТОДОРХОЙЛОЛТ
хуудасны тоо xxix, 334 p. :
Бусад тоон мэдээлэл ill. ;
Хэмжээ 28 cm.
500 ## - Тайлбар
Дансны дугаар БС 4974
546 ## - ХЭЛНИЙ ТУХАЙ МЭДЭЭ
Хэл Англи хэл дээр,
653 ## - Түлхүүр үг
Түлхүүр үг exports
653 ## - Түлхүүр үг
Түлхүүр үг china
653 ## - Түлхүүр үг
Түлхүүр үг commercial policy
942 ## - ЭЛЕМЕНТИЙН ТӨРӨЛ
Зүйлийн төрөл Ном